|
|
|
|
| LEADER |
00000nam0a2200000 4500 |
| 001 |
327016 |
| 005 |
20231102003922.0 |
| 035 |
|
|
|a (RuTPU)RU\TPU\book\352676
|
| 090 |
|
|
|a 327016
|
| 100 |
|
|
|a 20170124d1966 k y0rusy50 ca
|
| 101 |
0 |
|
|a rus
|
| 102 |
|
|
|a RU
|
| 105 |
|
|
|a a z 001zy
|
| 200 |
1 |
|
|a Добыча и переработка горючих сланцев
|e сборник статей
|f Научно-исследовательский институт сланцев ; под ред. Н. И. Зеленина
|
| 210 |
|
|
|a Ленинград
|c Недра
|d 1967
|
| 215 |
|
|
|a 267 с.
|c ил.
|
| 225 |
1 |
|
|a Труды научно-исследовательского института сланцев
|v Вып. 16
|
| 320 |
|
|
|a Библиография в конце статей
|
| 606 |
1 |
|
|a Сланцы горючие
|x Добыча
|2 stltpush
|3 (RuTPU)RU\TPU\subj\55098
|9 73169
|
| 610 |
1 |
|
|a переработка
|
| 610 |
1 |
|
|a обогащение
|
| 610 |
1 |
|
|a сланцевая промышленность
|
| 610 |
1 |
|
|a химия
|
| 610 |
1 |
|
|a химическая технология
|
| 610 |
1 |
|
|a условия труда
|
| 610 |
1 |
|
|a шахты
|
| 610 |
1 |
|
|a проветривание
|
| 610 |
1 |
|
|a осушение
|
| 610 |
1 |
|
|a перегонные установки
|
| 610 |
1 |
|
|a конструкции
|
| 610 |
1 |
|
|a сланцевые смолы
|
| 610 |
1 |
|
|a использование
|
| 675 |
|
|
|a 622.337
|v 4
|
| 702 |
|
1 |
|a Зеленин
|b Н. И.
|4 340
|
| 712 |
0 |
2 |
|a Научно-исследовательский институт сланцев
|2 stltpush
|3 (RuTPU)RU\TPU\col\22156
|
| 801 |
|
1 |
|a RU
|b 63413507
|c 20170124
|
| 801 |
|
2 |
|a RU
|b 63413507
|c 20170127
|g RCR
|
| 942 |
|
|
|c BK
|